00525nam a2200109Ia 4500008004100000245020500041260005500246260000900301300000700310650001300317856008500330170516s9999 xx 000 0 und d aPharmacokinetics and dose adjustment of etoposide administered in a medium-dose etoposide, cyclophosphamide and total body irradiation regimen before allogeneic hematopoietic stem cell transplantation bJournal of Pharmaceutical Health Care and Sciences c2016 a2: xPharmacy uhttps://jphcs.biomedcentral.com/articles?query=&volume=2&searchType=&tab=keyword